Adapting Cities to Climate Change:Understanding and Addressing the Development Challenges (Record no. 5372)

000 -LEADER
fixed length control field 00342nam a2200109Ia 4500
008 - FIXED-LENGTH DATA ELEMENTS--GENERAL INFORMATION
fixed length control field 200302s9999 xx 000 0 und d
100 ## - MAIN ENTRY--PERSONAL NAME
Personal name Jone Biknell and Others ed.,
245 ## - TITLE STATEMENT
Title Adapting Cities to Climate Change:Understanding and Addressing the Development Challenges
260 ## - PUBLICATION, DISTRIBUTION, ETC.
Name of publisher, distributor, etc. EarthScan Publications Ltd.
260 ## - PUBLICATION, DISTRIBUTION, ETC.
Date of publication, distribution, etc. 2010
300 ## - PHYSICAL DESCRIPTION
Extent 397
Holdings
Withdrawn status Lost status Damaged status Not for loan Permanent Location Current Location Date acquired Cost, normal purchase price Full call number Barcode Date last seen Price effective from Koha item type
        BMS College of Architecture, Design and Planning BMS College of Architecture, Design and Planning 2020-03-03 2977.27 363.61 CL-PG23733 2020-03-03 2020-03-03 PG Books from CL
Copyright © 2025, The Librarian, Library and Information Centre, BMSCA D&P, Bengaluru. All Rights Reserved
web counter

Powered by Koha